|
|
|
|
| LEADER |
00822nab a2200217 i 4500 |
| 001 |
acta47792 |
| 005 |
20260121082347.0 |
| 008 |
170713s1993 hu o 000 eng d |
| 022 |
|
|
|a 0866-5443
|
| 040 |
|
|
|a SZTE Egyetemi Kiadványok Repozitórium
|b hun
|
| 041 |
|
|
|a eng
|
| 100 |
1 |
|
|a Kedves Miklós
|
| 245 |
1 |
0 |
|a Negative quasi-crystálloid biopolymer network from the exospore of Equisetum arvense L.
|h [elektronikus dokumentum] /
|c Kedves Miklós
|
| 260 |
|
|
|c 1993
|
| 300 |
|
|
|a 78-80
|
| 490 |
0 |
|
|a Plant cell biology and development
|v 4
|
| 650 |
|
4 |
|a Természettudományok
|
| 650 |
|
4 |
|a Biológiai tudományok
|
| 695 |
|
|
|a Mezei zsurló, Palinológia, Paleobotanika, Sejtbiológia - molekuláris
|
| 700 |
0 |
1 |
|a Párdutz Árpád
|e aut
|
| 856 |
4 |
0 |
|u http://acta.bibl.u-szeged.hu/47792/1/plant_cell_004_078-080.pdf
|z Dokumentum-elérés
|